[Event "Poznan op 25th"]
[Site "Poznan"]
[Date "2017.08.25"]
[Round "7"]
[White "Urban, Klaudiusz"]
[Black "Niekras, Dawid"]
[Result "1/2-1/2"]
[WhiteElo "2426"]
[BlackElo "2277"]
[PlyCount "51"]
[EventDate "2017.08.20"]
[EventType "swiss"]
[EventRounds "9"]
[EventCountry "POL"]
[SourceTitle "CBM 180 Extra"]
[Source "ChessBase"]
[SourceDate "2017.10.06"]
[SourceVersion "1"]
[SourceVersionDate "2017.10.06"]
[SourceQuality "1"]

1. d4 Nf6 2. g3 g6 3. Bg2 Bg7 4. c4 0-0 5. Nc3 c5 6. d5 d6 7. Nf3 e6 8. 0-0 exd5 9. cxd5 Na6 10. a4 Nc7 11. Re1 Re8 12. e4 Nd7 13. Bf4 Ne5 14. Nxe5 dxe5 15. Be3 Qd6 16. Nb1 b6 17. Na3 Ba6 18. Qc2 Qd7 19. Nc4 Red8 20. Bf1 Bxc4 21. Bxc4 a5 22. Rad1 Qe7 23. Qb3 Rd6 24. Qc2 Rf8 25. Bd3 Qd7 26. f3 1/2-1/2

[Event "Police Gniota Memorial 32nd"]
[Site "Police"]
[Date "2017.07.12"]
[Round "8"]
[White "Urban, Klaudiusz"]
[Black "Pajeken, Jakob Leon"]
[Result "1-0"]
[WhiteElo "2437"]
[BlackElo "2145"]
[PlyCount "95"]
[EventDate "2017.07.05"]
[EventType "swiss"]
[EventRounds "9"]
[EventCountry "POL"]
[SourceTitle "EXT 2018"]
[Source "ChessBase"]
[SourceDate "2017.10.13"]
[SourceVersion "1"]
[SourceVersionDate "2017.10.13"]
[SourceQuality "1"]

1. Nf3 d5 2. c4 dxc4 3. Na3 a6 4. Nxc4 b5 5. Ne3 Bb7 6. g3 Nf6 7. Bg2 e6 8. 0-0 Be7 9. a4 Nbd7 10. Nd4 Bxg2 11. Nxg2 Ne5 12. Nb3 0-0 13. d4 Nc4 14. Ne3 Nxe3 15. Bxe3 Qd5 16. axb5 axb5 17. Qd3 Ng4 18. Bd2 Qh5 19. h4 Rad8 20. Ra7 Bd6 21. Rb7 c6 22. Qf3 e5 23. Qxc6 exd4 24. Qxb5 Qg6 25. Nc1 Ne3 26. Rb6 Nxf1 27. Kxf1 Qe4 28. Qc6 Qf5 29. Kg2 Be7 30. Rb5 Qb1 31. Qf3 Rc8 32. Nd3 Rc2 33. Ba5 Qd1 34. Re5 Bf6 35. Re4 h6 36. Bb4 Ra8 37. Ba3 Rac8 38. h5 R2c6 39. Qf5 Qa4 40. Nb4 Rc1 41. Nd5 Bg5 42. f4 Qb3 43. Kh3 Rd8 44. fxg5 Rh1+ 45. Kg4 Rxh5 46. Ne7+ Kh8 47. Kxh5 Qxg3 48. Qg4 1-0

[Event "POL-chT 1st League"]
[Site "Poronin"]
[Date "2016.09.06"]
[Round "4.3"]
[White "Urban, Klaudiusz"]
[Black "Gritsak, Orest"]
[Result "1/2-1/2"]
[WhiteElo "2418"]
[BlackElo "2497"]
[PlyCount "80"]
[EventDate "2016.09.03"]
[EventType "team-tourn"]
[EventRounds "9"]
[EventCountry "POL"]
[SourceTitle "CBM 174 Extra"]
[Source "ChessBase"]
[SourceDate "2016.10.10"]
[SourceVersion "1"]
[SourceVersionDate "2016.10.10"]
[SourceQuality "1"]
[WhiteTeam "Gliwice Akademia Szachowa"]
[BlackTeam "Lublin Drakon"]
[WhiteTeamCountry "POL"]
[BlackTeamCountry "POL"]

1. d4 Nf6 2. c4 c5 3. d5 b5 4. cxb5 a6 5. b6 d6 6. Nc3 Nbd7 7. a4 Qxb6 8. a5 Qb4 9. Nf3 Ne4 10. Qc2 f5 11. Ra4 Qb7 12. Nxe4 fxe4 13. Rxe4 Qxd5 14. Rh4 Rb8 15. e4 Qb3 16. Qxb3 Rxb3 17. Bc4 Rb4 18. b3 e5 19. Bd2 Rxc4 20. bxc4 Nf6 21. Ke2 h6 22. Rb1 Rg8 23. Rb8 Kd7 24. Ne1 Kc7 25. Rxc8+ Kxc8 26. Kd3 Be7 27. Rh3 Kd7 28. f3 Rb8 29. Kc2 Ke6 30. Nd3 Kf7 31. Nf2 Rb7 32. Nd3 Ke6 33. Nf2 Bd8 34. Nd3 Rb8 35. Rg3 Kf7 36. Rh3 Rb7 37. Nf2 Nd7 38. Nd3 Nf6 39. Nf2 Ke6 40. Nd3 Rb8 1/2-1/2

[Event "POL-chT 1st League"]
[Site "Poronin"]
[Date "2016.09.05"]
[Round "3.3"]
[White "Janaszak, Dawid"]
[Black "Urban, Klaudiusz"]
[Result "0-1"]
[WhiteElo "2384"]
[BlackElo "2418"]
[PlyCount "138"]
[EventDate "2016.09.03"]
[EventType "team-tourn"]
[EventRounds "9"]
[EventCountry "POL"]
[SourceTitle "CBM 174 Extra"]
[Source "ChessBase"]
[SourceDate "2016.10.10"]
[SourceVersion "1"]
[SourceVersionDate "2016.10.10"]
[SourceQuality "1"]
[WhiteTeam "Ostrow Wielkopolski"]
[BlackTeam "Gliwice Akademia Szachowa"]
[WhiteTeamCountry "POL"]
[BlackTeamCountry "POL"]

1. d4 Nf6 2. c4 g6 3. Nc3 Bg7 4. e4 d6 5. Be2 0-0 6. Be3 Nbd7 7. g4 c6 8. g5 Ne8 9. h4 Nc7 10. h5 b5 11. hxg6 hxg6 12. f4 Nb6 13. cxb5 cxb5 14. Qc2 b4 15. Nb5 Nxb5 16. Bxb5 Bd7 17. Qh2 f5 18. Qh7+ Kf7 19. Rh6 Rg8 20. Qxg6+ Kf8 21. Rh7 fxe4 22. Bxd7 Qxd7 23. Qxe4 d5 24. Qd3 Nc4 25. Rh2 Qg4 26. Kf2 Nxb2 27. Qe2 Qxe2+ 28. Nxe2 Rc8 29. Kf3 e6 30. Rc1 Nc4 31. Rhh1 Kf7 32. Rhg1 Rh8 33. g6+ Kf6 34. Bf2 Rh6 35. Ng3 Rxg6 36. Nh5+ Kf7 37. Rxg6 Kxg6 38. Rg1+ Kxh5 39. Rxg7 a5 40. Re7 Rc6 41. Be1 Kg6 42. Ra7 Rb6 43. Kg4 Rd6 44. Bf2 Rc6 45. Ra8 Rd6 46. Ra7 Rb6 47. Be1 Ne3+ 48. Kf3 b3 49. axb3 Rxb3 50. Bxa5 Nf5+ 51. Kg2 Nxd4 52. Bc7 Kf5 53. Be5 Nf3 54. Bd6 Nh4+ 55. Kf2 Rb6 56. Bc7 Rc6 57. Bb8 Ke4 58. Ra4+ d4 59. Ke2 Nf5 60. Be5 Rb6 61. Kd2 Rb2+ 62. Kc1 Rg2 63. Bb8 Rf2 64. Bc7 Ne3 65. Bb8 Rc2+ 66. Kb1 Rc4 67. Rxc4 Nxc4 68. Kc1 Ne3 69. Kd2 Nd5 0-1

[Event "Poznan op 24th"]
[Site "Poznan"]
[Date "2016.08.10"]
[Round "3"]
[White "Urban, Klaudiusz"]
[Black "Bartkowiak, Damian"]
[Result "1-0"]
[WhiteElo "2422"]
[BlackElo "2153"]
[PlyCount "71"]
[EventDate "2016.08.08"]
[EventType "swiss"]
[EventRounds "9"]
[EventCountry "POL"]
[SourceTitle "CBM 173 Extra"]
[Source "ChessBase"]
[SourceDate "2016.08.29"]
[SourceVersion "1"]
[SourceVersionDate "2016.08.29"]
[SourceQuality "1"]

1. d4 d5 2. c4 e6 3. Nc3 f5 4. Bf4 Nf6 5. e3 Be7 6. Bd3 0-0 7. h3 Nc6 8. Nf3 Kh8 9. Rc1 Bd6 10. 0-0 Ne4 11. Bxd6 Qxd6 12. Qb3 Rd8 13. Rfd1 a6 14. a3 Rb8 15. Qc2 a5 16. Ne1 Qe7 17. Nb5 h6 18. Nf3 Rf8 19. Qb3 Qd8 20. Nc3 g5 21. cxd5 Nxc3 22. Rxc3 Qxd5 23. Bc4 Qd6 24. d5 exd5 25. Bxd5 Ne5 26. Qc2 Rd8 27. Rxc7 Qf6 28. Nxe5 Qxe5 29. Bf3 Rxd1+ 30. Bxd1 Be6 31. Rc5 Qd6 32. Qc3+ Kg8 33. Be2 Rd8 34. Rc7 Bf7 35. Rxb7 Qd2 36. Bh5 1-0

[Event "POL-chT 1st League"]
[Site "Jastrzebia Gora"]
[Date "2015.09.07"]
[Round "3.27"]
[White "Urban, Klaudiusz"]
[Black "Mickiewicz, Piotr"]
[Result "1/2-1/2"]
[WhiteElo "2419"]
[BlackElo "2367"]
[PlyCount "94"]
[EventDate "2015.09.05"]
[EventType "team-tourn"]
[EventRounds "9"]
[EventCountry "POL"]
[SourceTitle "EXT 2016"]
[Source "ChessBase"]
[SourceDate "2015.10.08"]
[SourceVersion "1"]
[SourceVersionDate "2015.10.08"]
[SourceQuality "1"]
[WhiteTeam "Gliwice Akademia Szachowa"]
[BlackTeam "Pultusk Nadnarwianka"]
[WhiteTeamCountry "POL"]
[BlackTeamCountry "POL"]

1. d4 Nf6 2. c4 g6 3. Nf3 Bg7 4. g3 0-0 5. Bg2 d6 6. Nc3 Nc6 7. 0-0 Bg4 8. Be3 e5 9. dxe5 dxe5 10. Qb3 Qc8 11. Rfd1 Re8 12. Rd2 h6 13. Ne1 Be6 14. Nd5 Ng4 15. Bc5 Na5 16. Qc2 Nxc4 17. Rdd1 Kh8 18. Qxc4 c6 19. Rac1 cxd5 20. Bxd5 Nf6 21. Bxe6 Qxe6 22. Qxe6 Rxe6 23. Ba3 Kg8 24. Rc7 b6 25. Be7 e4 26. b3 Bf8 27. Bxf8 Kxf8 28. Ng2 Re7 29. Rc6 Kg7 30. Ne3 Rae8 31. Rdd6 Re6 32. Rxe6 Rxe6 33. Rc7 a5 34. Kf1 Rd6 35. Ke1 Nd5 36. Nxd5 Rxd5 37. Re7 Rd4 38. e3 Rb4 39. Kd2 Kf6 40. Rb7 Ke6 41. Kc3 Rb5 42. h4 h5 43. a3 Rc5+ 44. Kd4 Rb5 45. Kc4 Rc5+ 46. Kd4 Rb5 47. Kc4 Rc5+ 1/2-1/2

[Event "Poznan op 23rd"]
[Site "Poznan"]
[Date "2015.08.17"]
[Round "9"]
[White "Tomczak, Jacek"]
[Black "Urban, Klaudiusz"]
[Result "1-0"]
[WhiteElo "2596"]
[BlackElo "2430"]
[PlyCount "89"]
[EventDate "2015.08.10"]
[EventType "swiss"]
[EventRounds "9"]
[EventCountry "POL"]
[SourceTitle "CBM 167 Extra"]
[Source "ChessBase"]
[SourceDate "2015.09.14"]
[SourceVersion "1"]
[SourceVersionDate "2015.09.14"]
[SourceQuality "1"]

1. e4 e5 2. Nf3 Nc6 3. d4 exd4 4. Nxd4 Bc5 5. Nb3 Bb6 6. Nc3 Nge7 7. Bg5 f6 8. Bf4 d6 9. a4 a6 10. Bc4 Ng6 11. Qh5 Nce5 12. Bxe5 fxe5 13. g3 c6 14. 0-0-0 Qe7 15. a5 Bxf2 16. Rd3 Be6 17. Bxe6 Qxe6 18. Qf5 Qf6 19. Qxf6 gxf6 20. Rf1 Bd4 21. Ne2 0-0 22. Nbxd4 exd4 23. Nxd4 Ne5 24. Rdd1 Nc4 25. Nf5 Rad8 26. Rf4 c5 27. b3 Nxa5 28. Rg4+ Kh8 29. Rg7 Rfe8 30. Rc7 Rc8 31. Rxc8 Rxc8 32. Rxd6 Rf8 33. Rd7 Re8 34. Kd2 c4 35. Nd6 Re6 36. b4 Nc6 37. c3 b5 38. Ke3 Ne5 39. Rd8+ Kg7 40. Nf5+ Kf7 41. Rh8 Ng4+ 42. Kd4 h6 43. Rh7+ Kf8 44. Rh8+ Kf7 45. Nxh6+ 1-0

[Event "Poznan op 23rd"]
[Site "Poznan"]
[Date "2015.08.12"]
[Round "3"]
[White "Nowak, Mikolaj"]
[Black "Urban, Klaudiusz"]
[Result "0-1"]
[WhiteElo "1926"]
[BlackElo "2430"]
[PlyCount "129"]
[EventDate "2015.08.10"]
[EventType "swiss"]
[EventRounds "9"]
[EventCountry "POL"]
[SourceTitle "CBM 167 Extra"]
[Source "ChessBase"]
[SourceDate "2015.09.14"]
[SourceVersion "1"]
[SourceVersionDate "2015.09.14"]
[SourceQuality "1"]

1. e4 c5 2. Nf3 g6 3. c4 Bg7 4. d4 d6 5. Nc3 Na6 6. Be3 Nf6 7. h3 cxd4 8. Nxd4 Nc5 9. Qc2 0-0 10. Be2 Bd7 11. 0-0 Rc8 12. f4 a6 13. Nb3 Na4 14. Nxa4 Bxa4 15. Qd3 Bc6 16. Bf3 Nd7 17. Qd2 b6 18. Rab1 Qc7 19. Qd3 Rfd8 20. Bg4 Qb7 21. Bxd7 Rxd7 22. Nd2 b5 23. Rfc1 bxc4 24. Rxc4 d5 25. exd5 Bxd5 26. Rxc8+ Qxc8 27. Qf1 Bxa2 28. Rc1 Qb7 29. b3 h6 30. Qc4 Qb5 31. Kf2 Rd3 32. Ke2 Rc3 33. Rxc3 Bxc3 34. Qxb5 axb5 35. Kd3 Bxd2 36. Bxd2 Bxb3 37. Bb4 Kf8 38. Kd4 f6 39. g3 g5 40. h4 gxh4 41. gxh4 h5 42. Kd3 Kf7 43. f5 Ke8 44. Ke4 Bc2+ 45. Kf4 Kf7 46. Bc3 Ba4 47. Bd2 Bb3 48. Bc3 Ba2 49. Be1 Bd5 50. Bc3 Bg2 51. Kg3 Bf1 52. Bb4 Be2 53. Kf4 Bg4 54. Bd2 Bh3 55. Bb4 Bf1 56. Be1 Bd3 57. Bc3 Bc2 58. Bb4 e5+ 59. fxe6+ Kxe6 60. Bc3 f5 61. Bb4 Bd1 62. Ke3 Kd5 63. Be1 Kc4 64. Kd2 Bg4 65. Ke3 0-1

[Event "Poznan op 23rd"]
[Site "Poznan"]
[Date "2015.08.11"]
[Round "2"]
[White "Urban, Klaudiusz"]
[Black "Praczukowski, Stanislaw"]
[Result "0-1"]
[WhiteElo "2430"]
[BlackElo "1990"]
[PlyCount "156"]
[EventDate "2015.08.10"]
[EventType "swiss"]
[EventRounds "9"]
[EventCountry "POL"]
[SourceTitle "CBM 167 Extra"]
[Source "ChessBase"]
[SourceDate "2015.09.14"]
[SourceVersion "1"]
[SourceVersionDate "2015.09.14"]
[SourceQuality "1"]

1. Nf3 Nf6 2. c4 e6 3. g3 d5 4. d4 c5 5. Bg2 Be7 6. 0-0 0-0 7. dxc5 Bxc5 8. a3 dxc4 9. Qa4 Nc6 10. Qxc4 Be7 11. Nc3 e5 12. Rd1 Be6 13. Qb5 Qb8 14. Qa4 h6 15. Be3 Ng4 16. Bd2 Bc5 17. Be1 f5 18. b4 Bb6 19. b5 Nd4 20. Nxd4 exd4 21. Nd5 Bxd5 22. Bxd5+ Kh8 23. Qc2 Qe5 24. Bxb7 f4 25. Qg6 h5 26. Bxa8 fxg3 27. hxg3 d3 28. Qe4 Qxg3+ 29. Qg2 Qh4 30. e3 Nxe3 31. Qg3 Qxg3+ 32. fxg3 Nxd1+ 33. Kh2 Ne3 34. Bg2 Nf1+ 35. Kh3 d2 36. Bxd2 Nxd2 37. a4 Nb3 38. Ra3 Na5 39. Rd3 Rd8 40. Rf3 Rd4 41. Rf5 g6 42. Rf7 Rxa4 43. Re7 Rb4 44. Be4 Rxb5 45. Bxg6 Rg5 46. Be4 Nb3 47. Kh4 Rg4+ 48. Kxh5 Rxg3 49. Bd5 Nd4 50. Re8+ Kh7 51. Re7+ Rg7 52. Rxg7+ Kxg7 53. Kg5 a5 54. Kf4 Kf6 55. Ke4 a4 56. Bg8 a3 57. Kd3 Bc5 58. Kc3 Ke5 59. Bf7 Ne6 60. Kb3 Kd6 61. Bg8 Nd4+ 62. Ka2 Kc6 63. Bc4 Kb6 64. Bg8 Kb5 65. Bf7 Kb4 66. Kb1 Kc3 67. Bg8 Nb3 68. Ka2 Nd2 69. Bf7 Kc2 70. Bg6+ Kc1 71. Bf5 Nf3 72. Be4 Nd4 73. Bd3 Kd2 74. Bc4 Ne2 75. Bf7 Nc3+ 76. Kb3 a2 77. Kb2 Ba3+ 78. Ka1 Kc1 0-1

[Event "Poznan op 23rd"]
[Site "Poznan"]
[Date "2015.08.10"]
[Round "1"]
[White "Jaworski, Mateusz"]
[Black "Urban, Klaudiusz"]
[Result "0-1"]
[WhiteElo "1766"]
[BlackElo "2430"]
[PlyCount "34"]
[EventDate "2015.08.10"]
[EventType "swiss"]
[EventRounds "9"]
[EventCountry "POL"]
[SourceTitle "CBM 167 Extra"]
[Source "ChessBase"]
[SourceDate "2015.09.14"]
[SourceVersion "1"]
[SourceVersionDate "2015.09.14"]
[SourceQuality "1"]

1. e4 g6 2. d4 Bg7 3. c4 c5 4. Nf3 Qb6 5. dxc5 Qxc5 6. Nc3 d6 7. Be3 Bxc3+ 8. bxc3 Qa5 9. Qc2 Nf6 10. h3 Nxe4 11. Bd4 Nf6 12. Bxf6 exf6 13. Bd3 0-0 14. 0-0 Nc6 15. Rab1 Ne5 16. Be2 Bf5 17. Rb5 Nxf3+ 0-1

[Event "POL-chT1"]
[Site "Poronin"]
[Date "2014.09.06"]
[Round "8.1"]
[White "Stoma, Pawel"]
[Black "Urban, Klaudiusz"]
[Result "1-0"]
[WhiteElo "2339"]
[BlackElo "2443"]
[PlyCount "81"]
[EventDate "2014.08.31"]
[EventType "team-tourn"]
[EventRounds "9"]
[EventCountry "POL"]
[SourceTitle "CBM 162 Extra"]
[Source "ChessBase"]
[SourceDate "2014.10.17"]
[SourceVersion "1"]
[SourceVersionDate "2014.10.17"]
[SourceQuality "1"]
[WhiteTeam "Lublin Drakon SKOK Chmielewskiego"]
[BlackTeam "Gliwice Akademia Szachowa II"]
[WhiteTeamCountry "POL"]
[BlackTeamCountry "POL"]

1. c4 e6 2. d4 d5 3. Nf3 Nd7 4. Qc2 Ngf6 5. cxd5 exd5 6. Bf4 c6 7. Nbd2 Be7 8. h3 0-0 9. e3 c5 10. Bd3 c4 11. Be2 b5 12. 0-0 Nb6 13. b3 g6 14. g4 Be6 15. a4 cxb3 16. Nxb3 Rc8 17. Qd3 Nxa4 18. Qxb5 Nc3 19. Qa6 h5 20. Ne5 hxg4 21. Bxg4 Nxg4 22. hxg4 Bd7 23. Nxd7 Qxd7 24. f3 Ra8 25. Rf2 Rfc8 26. Rc2 Rc6 27. Qd3 Bb4 28. Nc5 Qd8 29. Be5 Qe8 30. Bf4 Bxc5 31. dxc5 d4 32. exd4 Nd5 33. Re2 Re6 34. Rxe6 Qxe6 35. Be5 a5 36. Kf2 Kf8 37. Bd6+ Kg7 38. Re1 Qd7 39. Qe4 Qc6 40. g5 a4 41. Qe5+ 1-0

[Event "POL-chT1"]
[Site "Poronin"]
[Date "2014.09.05"]
[Round "7.5"]
[White "Musialkiewicz, Jan"]
[Black "Urban, Klaudiusz"]
[Result "1/2-1/2"]
[WhiteElo "2286"]
[BlackElo "2443"]
[PlyCount "87"]
[EventDate "2014.08.31"]
[EventType "team-tourn"]
[EventRounds "9"]
[EventCountry "POL"]
[SourceTitle "CBM 162 Extra"]
[Source "ChessBase"]
[SourceDate "2014.10.17"]
[SourceVersion "1"]
[SourceVersionDate "2014.10.17"]
[SourceQuality "1"]
[WhiteTeam "Gniezno LKS Chrobry"]
[BlackTeam "Gliwice Akademia Szachowa II"]
[WhiteTeamCountry "POL"]
[BlackTeamCountry "POL"]

1. d4 Nf6 2. c4 e6 3. Nc3 d5 4. cxd5 exd5 5. Bg5 Be7 6. Qc2 Nbd7 7. e3 Nb6 8. Bd3 Nh5 9. Bxe7 Qxe7 10. Nge2 g6 11. 0-0-0 Be6 12. Kb1 0-0-0 13. Rc1 Kb8 14. Na4 Ng7 15. Ng3 Nxa4 16. Qxa4 h5 17. h4 Rd6 18. Rc3 Rb6 19. Qc2 Rc8 20. Ne2 Bf5 21. Nf4 Rd6 22. g3 Bxd3 23. Nxd3 Ne8 24. Rc1 Nf6 25. Rb3 Rb6 26. Rxb6 axb6 27. Nf4 c6 28. Qb3 b5 29. Nd3 Nd7 30. a4 bxa4 31. Qxa4 Nb6 32. Qb4 Qxb4 33. Nxb4 Kc7 34. b3 Kd6 35. Kb2 Ra8 36. Nd3 Nd7 37. Ra1 Rxa1 38. Kxa1 c5 39. Kb2 b6 40. Kc3 Nf6 41. f3 Ng8 42. e4 Ne7 43. e5+ Kc6 44. g4 1/2-1/2

[Event "POL-chT1"]
[Site "Poronin"]
[Date "2014.09.04"]
[Round "6.2"]
[White "Urban, Klaudiusz"]
[Black "Wieczorek, Oskar"]
[Result "1/2-1/2"]
[WhiteElo "2443"]
[BlackElo "2407"]
[PlyCount "94"]
[EventDate "2014.08.31"]
[EventType "team-tourn"]
[EventRounds "9"]
[EventCountry "POL"]
[SourceTitle "CBM 162 Extra"]
[Source "ChessBase"]
[SourceDate "2014.10.17"]
[SourceVersion "1"]
[SourceVersionDate "2014.10.17"]
[SourceQuality "1"]
[WhiteTeam "Gliwice Akademia Szachowa II"]
[BlackTeam "Wroclaw Polonia II"]
[WhiteTeamCountry "POL"]
[BlackTeamCountry "POL"]

1. Nf3 c5 2. c4 g6 3. d4 cxd4 4. Nxd4 Bg7 5. e4 Nc6 6. Be3 Nf6 7. Nc3 d6 8. Be2 0-0 9. 0-0 Bd7 10. Qd2 Nxd4 11. Bxd4 Bc6 12. f3 a5 13. b3 Nd7 14. Be3 Nc5 15. Rab1 e6 16. Rfd1 Be5 17. Bd4 Qe7 18. Bxe5 dxe5 19. Qd6 Qxd6 20. Rxd6 Rfd8 21. Rbd1 Rxd6 22. Rxd6 Kf8 23. Kf2 Ke7 24. Rd1 f5 25. Ke3 Rf8 26. Bd3 Rd8 27. Bc2 Rxd1 28. Nxd1 Kd6 29. Nf2 b5 30. cxb5 Bxb5 31. Bd3 Bc6 32. Bc4 g5 33. a3 h6 34. Nd3 f4+ 35. Kd2 Nxd3 36. Kxd3 Bd7 37. Kc3 Kc5 38. b4+ axb4+ 39. axb4+ Kb6 40. Kb3 Bc8 41. Ka3 h5 42. h3 h4 43. Bd3 Bd7 44. Kb3 Bc8 45. Kc3 Bd7 46. Bc2 Bb5 47. Bd3 Bd7 1/2-1/2

[Event "Poznan op 22nd"]
[Site "Poznan"]
[Date "2014.08.16"]
[Round "9"]
[White "Plichta, Kamil"]
[Black "Urban, Klaudiusz"]
[Result "1/2-1/2"]
[WhiteElo "2257"]
[BlackElo "2441"]
[PlyCount "29"]
[EventDate "2014.08.09"]
[EventType "swiss"]
[EventRounds "9"]
[EventCountry "POL"]
[SourceTitle "CBM 161 Extra"]
[Source "ChessBase"]
[SourceDate "2014.08.29"]
[SourceVersion "1"]
[SourceVersionDate "2014.08.29"]
[SourceQuality "1"]

1. d4 e6 2. c4 d5 3. Nc3 Nf6 4. cxd5 exd5 5. Bg5 Be7 6. e3 Nbd7 7. Bd3 Nb6 8. Nge2 Nh5 9. Bxe7 Qxe7 10. Qc2 g6 11. 0-0 0-0 12. Na4 Ng7 13. Rfc1 c6 14. Nc5 Bf5 15. a4 1/2-1/2

[Event "Poznan op 22nd"]
[Site "Poznan"]
[Date "2014.08.14"]
[Round "7"]
[White "Urban, Klaudiusz"]
[Black "Budrewicz, Krzysztof"]
[Result "1-0"]
[WhiteElo "2441"]
[BlackElo "2238"]
[PlyCount "103"]
[EventDate "2014.08.09"]
[EventType "swiss"]
[EventRounds "9"]
[EventCountry "POL"]
[SourceTitle "CBM 161 Extra"]
[Source "ChessBase"]
[SourceDate "2014.08.29"]
[SourceVersion "1"]
[SourceVersionDate "2014.08.29"]
[SourceQuality "1"]

1. Nf3 d5 2. c4 d4 3. g3 Nc6 4. Bg2 e5 5. d3 Nf6 6. 0-0 Be7 7. b4 e4 8. dxe4 Bxb4 9. Bb2 0-0 10. Nxd4 Nxd4 11. Qxd4 Qe7 12. Nc3 c6 13. e5 Nd7 14. Ne4 f6 15. c5 Ba5 16. exf6 Nxf6 17. Qd6 Qf7 18. Qf4 Nxe4 19. Qxf7+ Rxf7 20. Bxe4 Be6 21. Bd3 Bb4 22. Rfc1 Raf8 23. Bd4 Rd7 24. Be3 Rfd8 25. a3 Ba5 26. Rab1 Re8 27. Rb2 h6 28. Bc4 Kf7 29. Bxe6+ Rxe6 30. Rc4 Bd8 31. Rcb4 Ree7 32. Kg2 g5 33. h4 Kg6 34. hxg5 hxg5 35. Rg4 Re5 36. Rgb4 Ree7 37. Ra4 a6 38. Rg4 Re5 39. Rgb4 Ree7 40. Kf3 Kf5 41. g4+ Kg6 42. Re4 Rf7+ 43. Kg2 Bf6 44. Rd2 Rxd2 45. Bxd2 Rd7 46. Be3 Kf7 47. Kf3 Be7 48. Rd4 Rd5 49. Rxd5 cxd5 50. Bd4 Ke6 51. Ke3 Bd8 52. f4 1-0

[Event "Poznan op 22nd"]
[Site "Poznan"]
[Date "2014.08.12"]
[Round "5"]
[White "Urban, Klaudiusz"]
[Black "Bartkowiak, Damian"]
[Result "1-0"]
[WhiteElo "2441"]
[BlackElo "2133"]
[PlyCount "64"]
[EventDate "2014.08.09"]
[EventType "swiss"]
[EventRounds "9"]
[EventCountry "POL"]
[SourceTitle "CBM 161 Extra"]
[Source "ChessBase"]
[SourceDate "2014.08.29"]
[SourceVersion "1"]
[SourceVersionDate "2014.08.29"]
[SourceQuality "1"]

1. Nf3 d5 2. g3 c6 3. Bg2 Nf6 4. 0-0 g6 5. b3 Bg7 6. Bb2 0-0 7. c4 dxc4 8. bxc4 Qb6 9. Qc2 Na6 10. d3 Re8 11. Nbd2 Nb4 12. Qb3 c5 13. Ne5 Ng4 14. Nxg4 Bxg4 15. Bxg7 Kxg7 16. Rfe1 Rab8 17. h3 Bd7 18. a3 Nc6 19. Qxb6 axb6 20. Rab1 Rec8 21. Rxb6 Rc7 22. Reb1 Nd8 23. R1b3 Kf8 24. Nb1 e6 25. Nc3 Ke7 26. f4 h5 27. Kf2 Ra8 28. Bxb7 Nxb7 29. Rxb7 Rxb7 30. Rxb7 Rxa3 31. Ne4 Ra5 32. Rc7 Ra6 1-0

[Event "POL-chT 69th"]
[Site "Poland"]
[Date "2013.09.15"]
[Round "9.1"]
[White "Janczarski, Michal"]
[Black "Urban, Klaudiusz"]
[Result "1/2-1/2"]
[WhiteElo "2346"]
[BlackElo "2465"]
[PlyCount "69"]
[EventDate "2013.05.24"]
[EventType "team-tourn"]
[EventRounds "9"]
[EventCountry "POL"]
[SourceTitle "EXT 2014"]
[Source "ChessBase"]
[SourceDate "2013.11.20"]
[SourceVersion "1"]
[SourceVersionDate "2013.11.20"]
[SourceQuality "1"]
[WhiteTeam "Krakow TKKF Drogowiec"]
[BlackTeam "Poznan Politechnika"]
[WhiteTeamCountry "POL"]
[BlackTeamCountry "POL"]

1. d4 Nf6 2. c4 d6 3. Nf3 c6 4. Nc3 Nbd7 5. e4 e5 6. Be2 Be7 7. 0-0 a6 8. a4 a5 9. Qc2 0-0 10. Rd1 Qc7 11. b3 Re8 12. Ba3 Bf8 13. d5 g6 14. Ne1 Nc5 15. Bf3 Bh6 16. Nd3 Nxd3 17. Qxd3 c5 18. g3 Bh3 19. Bg2 Qd7 20. Rf1 Bxg2 21. Kxg2 Nh5 22. Qe2 Rf8 23. Bc1 Bxc1 24. Raxc1 Rae8 25. f3 Ng7 26. Qd2 f5 27. Rf2 b6 28. Rcf1 f4 29. g4 h6 30. h4 Rf7 31. Rh1 Rff8 32. Rhf1 Rf7 33. Rh1 Rff8 34. Rhf1 Rf7 35. Rh1 1/2-1/2

[Event "POL-chT 69th"]
[Site "Poland"]
[Date "2013.09.01"]
[Round "6.1"]
[White "Urban, Klaudiusz"]
[Black "Drozdowski, Kacper"]
[Result "0-1"]
[WhiteElo "2465"]
[BlackElo "2435"]
[PlyCount "144"]
[EventDate "2013.05.24"]
[EventType "team-tourn"]
[EventRounds "9"]
[EventCountry "POL"]
[SourceTitle "EXT 2014"]
[Source "ChessBase"]
[SourceDate "2013.11.20"]
[SourceVersion "1"]
[SourceVersionDate "2013.11.20"]
[SourceQuality "1"]
[WhiteTeam "Poznan Politechnika"]
[BlackTeam "Grudziadz"]
[WhiteTeamCountry "POL"]
[BlackTeamCountry "POL"]

1. Nf3 d5 2. g3 Nf6 3. Bg2 c6 4. 0-0 Nbd7 5. d4 e6 6. Nbd2 b6 7. c4 Bb7 8. Qc2 Be7 9. e4 dxc4 10. Nxc4 c5 11. e5 Nd5 12. Bg5 0-0 13. Bxe7 Qxe7 14. dxc5 Rac8 15. cxb6 N5xb6 16. b3 Bd5 17. Rfc1 Nxc4 18. bxc4 Rxc4 19. Qe2 Nb6 20. Rxc4 Bxc4 21. Qb2 Bd5 22. Rc1 Qb7 23. Ne1 h6 24. Bf1 Qd7 25. Bb5 Qe7 26. a3 Rb8 27. Qc3 Rc8 28. Qb2 Rd8 29. h4 Ba8 30. Bf1 Qd7 31. Qe2 Qd4 32. Qd3 Be4 33. Qxd4 Rxd4 34. f3 Bd5 35. Rc2 g5 36. hxg5 hxg5 37. Kf2 Nd7 38. Nd3 Bc4 39. Ke3 Bxd3 40. Rc8+ Kg7 41. Kxd4 Bxf1 42. Rc7 Nb8 43. Rc8 Nd7 44. Rc7 Nb8 45. Rc8 Na6 46. Ke3 g4 47. Ra8 gxf3 48. Kxf3 Bc4 49. Rxa7 Nb8 50. Kf4 Nc6 51. Rc7 Bd5 52. a4 Kf8 53. Rc8+ Ke7 54. Rc7+ Ke8 55. Rc8+ Kd7 56. Rf8 Nd8 57. a5 Bb7 58. g4 Ke7 59. Rg8 Nc6 60. g5 Nxa5 61. g6 fxg6 62. Rg7+ Ke8 63. Rxg6 Bd5 64. Kg5 Nb3 65. Kf6 Nc5 66. Rg8+ Kd7 67. Rg7+ Kc6 68. Ke7 Bc4 69. Rg8 Kd5 70. Rc8 Kd4 71. Rc7 Bd5 72. Kf7 Ne4 0-1

[Event "POL-chT 69th"]
[Site "Poland"]
[Date "2013.08.31"]
[Round "5.1"]
[White "Heberla, Bartlomiej"]
[Black "Urban, Klaudiusz"]
[Result "1/2-1/2"]
[WhiteElo "2562"]
[BlackElo "2465"]
[PlyCount "81"]
[EventDate "2013.05.24"]
[EventType "team-tourn"]
[EventRounds "9"]
[EventCountry "POL"]
[SourceTitle "EXT 2014"]
[Source "ChessBase"]
[SourceDate "2013.11.20"]
[SourceVersion "1"]
[SourceVersionDate "2013.11.20"]
[SourceQuality "1"]
[WhiteTeam "Znin Baszta"]
[BlackTeam "Poznan Politechnika"]
[WhiteTeamCountry "POL"]
[BlackTeamCountry "POL"]

1. c4 c5 2. Nc3 Nc6 3. g3 g6 4. Bg2 Bg7 5. d3 b6 6. e4 e6 7. Nge2 Nge7 8. Be3 0-0 9. d4 d6 10. 0-0 e5 11. d5 Nd4 12. f4 Bg4 13. h3 Nxe2+ 14. Nxe2 Bxe2 15. Qxe2 f5 16. g4 fxe4 17. fxe5 Bxe5 18. Bh6 Bg7 19. Bxg7 Kxg7 20. Qxe4 Ng8 21. Qe3 Nh6 22. Rxf8 Qxf8 23. Rf1 Nf7 24. Qc3+ Kg8 25. Rf6 Qe7 26. Re6 Qg5 27. Kh2 Rf8 28. Qf6 Qxf6 29. Rxf6 Re8 30. Kg3 Re2 31. Rf2 Rxf2 32. Kxf2 Ne5 33. Bf1 g5 34. Ke3 Kg7 35. b3 Kf6 36. Ke4 Ng6 37. Bd3 Ne5 38. Bc2 Nf7 39. Bd3 Ne5 40. Bc2 Nf7 41. Bd3 1/2-1/2